LIBRARY & INFORMATION CENTRE, KCAET, TAVANUR

ONLINE PUBLIC ACCESS CATALOGUE (OPAC)

Introduction to the design of timber structures / (Record no. 7702)

MARC details
000 -LEADER
fixed length control field 00381cam a2200145ua 4500
003 - CONTROL NUMBER IDENTIFIER
control field OSt
008 - FIXED-LENGTH DATA ELEMENTS--GENERAL INFORMATION
fixed length control field 250802b |||||||| |||| 00| 0 eng d
041 ## - LANGUAGE CODE
Language code of text/sound track or separate title eng
082 ## - DEWEY DECIMAL CLASSIFICATION NUMBER
Classification number 624.184
Item number REE/IN
100 ## - MAIN ENTRY--AUTHOR NAME
Personal name Reece, Philip o.
245 ## - TITLE STATEMENT
Title Introduction to the design of timber structures /
260 ## - PUBLICATION, DISTRIBUTION, ETC. (IMPRINT)
Place of publication London :
Name of publisher E & F N Spon limited ,
Year of publication 1979.
300 ## - PHYSICAL DESCRIPTION
Number of Pages 235 ; .
942 ## - ADDED ENTRY ELEMENTS (KOHA)
Koha item type Books
Holdings
Withdrawn status Lost status Damaged status Home library Current library Date acquired Full call number Accession Number Koha item type
      KAUAET KAUAET 07/04/2012 624.184 REE/IN 3515 Books
free website counter